| 000 | 01073cam a2200301 i 4500 | ||
|---|---|---|---|
| 001 | 768714001 | ||
| 003 | CO-MdFUSB | ||
| 005 | 20241204084043.0 | ||
| 007 | ta | ||
| 008 | 241204t1966 -us||||| |||| 00| 0 eng d | ||
| 020 |
_a978-031030890 _q4 |
||
| 040 | _cCO-MdFUSB | ||
| 041 | 0 | _aeng | |
| 082 | 0 | 4 |
_223 _a236 _bP4191t |
| 100 | 1 |
_aPentecost, Dwight J. _eautor |
|
| 245 | 1 | 0 |
_aThings to come : _ba study in biblical eschatology _c/ J. Dwight Pentecost |
| 264 | 1 |
_bDunham Publishing Company, _aGrand Rapids, Michigan : _c[1966] |
|
| 264 | 4 | _c©1966 | |
| 300 | _a633 páginas | ||
| 336 |
_atexto _btxt _2rdacontent |
||
| 337 |
_2rdamedia _asin mediación _bn |
||
| 338 |
_2rdacarrier _avolumen _bnc |
||
| 505 | _aLa interpretación de la profecía -- los pactos bíblicos y la esatología-- profecías de la edad actual -- profecías del periódo de la tribulación -- profecías relacionadas al segundo advenimiento -- profecías del milenio -- profecías del estado eternal | ||
| 563 | _arustico | ||
| 653 | _aEscatología | ||
| 942 | _cBK | ||
| 945 | _aMiguel | ||
| 999 |
_c43850 _d43850 |
||